00815nam a2200205Ia 4500008004100000020001800041050001900059082002100078100004000099245008600139250001800225260003900243300001000282440002500292650007100317942001200388952009600400952009600496999001700592120905s9999 xx 000 0 und d a970-24-0276-X aHC135 R63 2002 a320.5 R696e 2002 aRodriguez Sánchez, Aurelio Miguel aEstructura socioeconómica de México 1 / Aurelio Miguel, Rodríguez Sánchez a6 reimp. 2005 aMéxico : Cultural : Patriac2002 a255 p aHistórico Sociales a1. Condiciones económicas - sociales 2. Política y gobiernoÌ cLB2ddc 00104070a13b13d2010-05-15l0oHC135 R63 2002p13 000227r2012-09-05t1w2012-09-05yLB 00104070a13b13d2010-05-15l0oHC135 R63 2002p13 000228r2012-09-05t2w2012-09-05yLB c83750d83750